000 00211nam a22000977a 4500
999 _c15968
_d15968
003 OSt
008 191025b ||||| |||| 00| 0 eng d
100 _aRama,Menon T K.
_94438
245 _aSahithya kala
942 _cBK